| 000 | 01106 a2200217 4500 | ||
|---|---|---|---|
| 001 | 54286 | ||
| 005 | 20260407155814.0 | ||
| 008 | 260407a1991 arg spa d | ||
| 003 | AR-UNSa-BCEJYS | ||
| 040 |
_aAR-UNSa-BCEJYS _bspa _cAR-UNSa-BCEJYS |
||
| 080 |
_a339.744 _xConvertibilidad |
||
| 245 | 1 | 0 | _aConvertibilidad del austral |
| 020 | _a950-572-212-5 | ||
| 264 | 1 |
_aBuenos Aires : _bVíctor P. de Zavalía _c1991 |
|
| 300 |
_a225 p. _c23 cm. |
||
| 505 | _a1. Aspectos económicos y jurídicos de la Ley de convertibilidad – 2. Las obligaciones en moneda extranjera luego de la ley de convertibilidad del austral 23.928 – 3. Ley de convertibilidad y desindexación – 4. La Ley de convertibilidad y los procesos en trámite – 5. Locaciones en moneda extranjera – 6. Intereses. Un examen sobre su naturaleza, con particular énfasis en las tasas equivalentes, el anatocismo y con variable de ajuste – 7. La convertibilidad del austral y las obligaciones de dar dinero. | ||
| 041 | _aspa | ||
| 942 | _cBK | ||
| 590 | _aniveau_biblio:m niveau_hierar:0 | ||
| 100 | 1 | _aMoisset de Espanés, Luis | |
| 999 |
_c5455 _d5455 |
||